| 000 | 00771nam a2200241 4500 | ||
|---|---|---|---|
| 001 | 147963 | ||
| 003 | ES-MaACL | ||
| 005 | 20240522124034.0 | ||
| 007 | t| | ||
| 008 | 070214s1953 sp r ||||1| spa d | ||
| 100 | 0 |
_aStevenson, Robert Louis, _d1850-1894 _9108169 |
|
| 245 | 1 | 3 |
_aLa isla del tesoro / _cRobert Louis Stevenson ; traducción íntegra de Edgar Pedro Bruck ; prólogo de Ramón Sangenis. |
| 260 |
_aBarcelona : _bFama, _c[1953] |
||
| 300 |
_a316 p. ; _c19 cm. |
||
| 490 | 1 | _aJunco | |
| 655 | 0 |
_9234459 _aNovelas de acción y aventuras |
|
| 700 | 1 |
_aBruck, Edgar Pedro. _932059 |
|
| 700 | 1 |
_aSangenis, Ramón. _9180943 |
|
| 830 | 0 |
_aJunco _9184641 |
|
| 852 |
_aES-MaACL _jC-6272 _bR.35584 |
||
| 942 | _2udc | ||
| 999 |
_c147963 _d147963 |
||